000 00365nam a2200145 i 4500
001 bg
100 1 _aKUSZTA, Bogusław
245 0 _aLaboratorium z podstaw elektroniki /
_cBogusław Kuszta, Jerzy Matysik.
260 _aWarszawa,
_c1972.
700 1 _aMATYSIK, Jerzy
040 _cBPK
041 _apol
942 _cKS
008 s pl f |000 0 pol
999 _c7520
_d7520
856 _uhttp://koha.tu.koszalin.pl/cgi-bin/koha/opac-detail.pl?biblionumber=7520
_yKatalog online BPK